000 00742nam a22001817a 4500
999 _c80971
_d80971
008 201130b ||||| |||| 00| 0 eng d
040 _bger
_cDE-2950
_erda
_aDE-2950
041 _ager
100 _aGutke, Thomas:
245 _aBanger Blick auf die Zahlen.
_bPandemie: Die Bundes-Notbremse sieht Schul- und Kitaschließungen bei einer Inzidenz von 165 an drei aufeinanderfolgenden Tagen vor - Frankfurt liegt bei 159 /
_cThomas Gutke
653 _aFrankfurt (Oder)
653 _aPandemie / Corona
773 _dFrankfurt (Oder): Märkisches Verlags- und Druckhaus GmbH & Co KG
_g32. Jahrgang (2021) Nr. 94 vom 23.04.2021, S. 11
_tMärkische Oderzeitung
942 _cA